000 00691nam a22001817a 4500
999 _c15983
_d15983
003 AR-CdUCM
008 190430b ||||| |||| 00| 0 spa d
040 _aMUNICIPALIDAD PROVINCIAL DEL CUSCO
_cBIBLIOTECA MUNICIPAL DEL CUSCO
082 _aC / 375.3 /
_bZ46
100 _aZarate de Gonzales, Ursula
_935246
245 _aAtención de pacientes en el tópico del oratorio den Bosco del Cusco /
260 _aCusco :
_bUnsaac,
_c1992.
300 _a25 páginas ;
_c24 cm.
505 _aBreve referencia historia de la creación del tópico -- Organización y fundamento del tópico Don Bosco -- Población atendida...
650 _aDos Bosco.
_935247
942 _2ddc
_cLIBROS
945 _awfj